<?xml version="1.0" encoding="UTF-8"?><?xml-stylesheet type="text/xsl" href="static/style.xsl"?><OAI-PMH xmlns="http://www.openarchives.org/OAI/2.0/" xmlns:xsi="http://www.w3.org/2001/XMLSchema-instance" xsi:schemaLocation="http://www.openarchives.org/OAI/2.0/ http://www.openarchives.org/OAI/2.0/OAI-PMH.xsd"><responseDate>2026-04-14T15:26:48Z</responseDate><request verb="GetRecord" identifier="oai:uvadoc.uva.es:10324/7151" metadataPrefix="marc">https://uvadoc.uva.es/oai/request</request><GetRecord><record><header><identifier>oai:uvadoc.uva.es:10324/7151</identifier><datestamp>2021-06-29T10:08:53Z</datestamp><setSpec>com_10324_38</setSpec><setSpec>col_10324_852</setSpec></header><metadata><record xmlns="http://www.loc.gov/MARC21/slim" xmlns:doc="http://www.lyncode.com/xoai" xmlns:xsi="http://www.w3.org/2001/XMLSchema-instance" xmlns:dcterms="http://purl.org/dc/terms/" xsi:schemaLocation="http://www.loc.gov/MARC21/slim http://www.loc.gov/standards/marcxml/schema/MARC21slim.xsd">
<leader>00925njm 22002777a 4500</leader>
<datafield tag="042" ind1=" " ind2=" ">
<subfield code="a">dc</subfield>
</datafield>
<datafield tag="720" ind1=" " ind2=" ">
<subfield code="a">Vela Blanco, Ángela</subfield>
<subfield code="e">author</subfield>
</datafield>
<datafield tag="260" ind1=" " ind2=" ">
<subfield code="c">2014</subfield>
</datafield>
<datafield tag="520" ind1=" " ind2=" ">
<subfield code="a">El Trabajo en Red como una propuesta de intervención a nivel macro, aumenta la integración de las mujeres marroquíes quedando fundamentado en el apoyo social y en el estudio demográfico que analiza tanto las dinámicas sociales como las realidades y mitos. Se establece la metodología del Trabajo en Red como estrategia para aumentar la participación y la independencia –poder- de las mujeres marroquíes desde un estilo profesional intercultural y de perspectiva comunitaria que disminuye su vulnerabilidad y posibilita la transformación social en pro de una realidad social solidaria.</subfield>
</datafield>
<datafield tag="024" ind2=" " ind1="8">
<subfield code="a">http://uvadoc.uva.es/handle/10324/7151</subfield>
</datafield>
<datafield ind1=" " ind2=" " tag="653">
<subfield code="a">Equipos de trabajo</subfield>
</datafield>
<datafield ind1=" " ind2=" " tag="653">
<subfield code="a">Mujeres - Países en vías de desarrollo</subfield>
</datafield>
<datafield ind1=" " ind2=" " tag="653">
<subfield code="a">Mujeres marroquíes</subfield>
</datafield>
<datafield tag="245" ind1="0" ind2="0">
<subfield code="a">Andadas en-red-adas</subfield>
</datafield>
</record></metadata></record></GetRecord></OAI-PMH>